000 00877nam a2200265Ia 4500
003 OSt
005 20221005110320.0
006 a|||||r|||| 00| 0
007 ta
008 221004b |||||||| |||| 00| 0 hin d
020 _a8121600588
024 _a21219
037 _bGift, 10/07/2015,
_cTextual
040 _aCRL
_cCRL
_bhin
041 _2hin
_ahin
082 _aO157,3M61,GO, 152P2
100 _aठाकुर, रवीन्द्रनाथ
245 0 _aगोरा
246 _aGorā
260 _aनई दिल्ली
_bहिन्द पॉकेट बुक्स भारत
_c2002
300 _a487पृ0
_ccm.
650 _aबंगाली साहित्य
942 _hO157,3M61,GO, 152P2
_cTEXL
_2cc
999 _c1018428
_d1018428